Moór Gyula emlékezete
Elmentve itt :
| Szerző: | |
|---|---|
| További közreműködők: | |
| Adatforrás: | Philobibl |
| Forrásdokumentuma: | Magyar jog 37.1990:11. p. 983-984. |
| Dokumentumtípus: | Cikk |
| Nyelv: | magyar |
| Kulcsszavak: | jogelmélet |
| LEADER | 00339nab a2200121 c 4500 | ||
|---|---|---|---|
| 001 | bibPHI0036339 | ||
| 005 | 20200924123632.1 | ||
| 008 | 091228s1990 hu hun | ||
| 100 | 1 | |a Szabadfalvi József | |
| 245 | 1 | 0 | |a Moór Gyula emlékezete |c Szabadfalvi József |
| 695 | |a jogelmélet | ||
| 700 | 1 | |a Moór Gyula | |
| 773 | 0 | |t Magyar jog |g 37.1990:11. p. 983-984. | |